[Event "Titled Tuesday intern op 11th Jan"]
[Site "Chess.com INT"]
[Date "2022.01.11"]
[Round "9"]
[White "Cramling Bellon, Anna"]
[Black "Spirin, Alexey"]
[Result "0-1"]
[WhiteElo "2057"]
[BlackElo "2191"]
[PlyCount "74"]
[EventDate "2022.01.11"]
[EventType "swiss (blitz)"]
[EventRounds "11"]
[EventCountry "USA"]
[SourceTitle "CBM 206 Extra"]
[Source "ChessBase"]
[SourceDate "2022.03.31"]
[SourceVersion "1"]
[SourceVersionDate "2022.03.31"]
[SourceQuality "1"]

1. d4 Nf6 2. c4 e6 3. Nc3 Bb4 4. Qc2 c5 5. dxc5 Bxc5 6. Nf3 b6 7. Bg5 Bb7 8. e3 0-0 9. Bd3 h6 10. Bh4 a6 11. 0-0 Be7 12. Nd4 d6 13. Rfd1 Qc7 14. Rac1 Nbd7 15. Bg3 Rac8 16. b3 Qb8 17. Qe2 Qa8 18. f3 Rfd8 19. Nc2 Nc5 20. e4 Re8 21. e5 dxe5 22. Bxe5 Nfd7 23. Bg3 Bg5 24. Rb1 Qa7 25. b4 Nxd3 26. Qxd3 Red8 27. Ne4 b5+ 28. Bf2 Qa8 29. cxb5 Bxe4 30. fxe4 axb5 31. Nd4 Ne5 32. Qxb5 Ng4 33. Nc6 Rxd1+ 34. Rxd1 Qxa2 35. Bg3 Ne3 36. Bf2 Nxd1 37. Qb7 Qxf2+ 0-1

[Event "Titled Tuesday intern op 11th Jan"]
[Site "Chess.com INT"]
[Date "2022.01.11"]
[Round "4"]
[White "Yanayt, Eugene"]
[Black "Spirin, Alexey"]
[Result "1-0"]
[WhiteElo "2070"]
[BlackElo "2191"]
[PlyCount "69"]
[EventDate "2022.01.11"]
[EventType "swiss (blitz)"]
[EventRounds "11"]
[EventCountry "USA"]
[SourceTitle "CBM 206 Extra"]
[Source "ChessBase"]
[SourceDate "2022.03.31"]
[SourceVersion "1"]
[SourceVersionDate "2022.03.31"]
[SourceQuality "1"]

1. d4 Nf6 2. c4 e6 3. g3 c5 4. d5 exd5 5. cxd5 d6 6. e4 g6 7. f3 Bg7 8. Kf2 0-0 9. Kg2 Nbd7 10. Nh3 a6 11. a4 Rb8 12. a5 b5 13. axb6 Qxb6 14. Na3 Ne5 15. Nf2 Qb4 16. Nc2 Qb6 17. Ne3 Re8 18. f4 Ned7 19. Nc4 Qc7 20. Bd3 Nh5 21. Qf3 Nb6 22. Na5 Bb7 23. Nxb7 Rxb7 24. Rxa6 Ra7 25. Rxa7 Qxa7 26. Re1 Qa2 27. Bb5 Re7 28. g4 Nf6 29. Bc6 Nfd7 30. h4 c4 31. h5 Nc5 32. Re2 Qb3 33. Re3 Qc2 34. Re1 Nd3 35. Be3 1-0

[Event "Titled Tuesday intern op 7th July"]
[Site "Chess.com INT"]
[Date "2020.07.07"]
[Round "3"]
[White "Spirin, Alexey"]
[Black "Zhou, Qiyu"]
[Result "0-1"]
[WhiteElo "2191"]
[BlackElo "2229"]
[PlyCount "64"]
[EventDate "2020.07.07"]
[EventType "swiss (blitz)"]
[EventRounds "10"]
[EventCountry "USA"]
[SourceTitle "CBM 197 Extra"]
[Source "ChessBase"]
[SourceDate "2020.09.30"]
[SourceVersion "1"]
[SourceVersionDate "2020.09.30"]
[SourceQuality "1"]

1. e4 e5 2. Nf3 Nc6 3. Bc4 Bc5 4. 0-0 Nf6 5. d3 0-0 6. Bb3 a6 7. c3 Ba7 8. Nbd2 d6 9. Re1 Ne7 10. Nf1 Ng6 11. Ng3 Be6 12. Bc2 h6 13. d4 c6 14. h3 Qc7 15. a4 Rad8 16. Qe2 Rfe8 17. a5 Kh8 18. Qd3 Bc8 19. Ra4 Bd7 20. Ra1 Bc8 21. Ra4 d5 22. exd5 exd4 23. Rxe8+ Rxe8 24. dxc6 dxc3 25. Bb3 Qxg3 26. Bxf7 Qxf2+ 27. Kh1 Re1+ 28. Kh2 Bb8+ 29. Bf4 Bxf4+ 30. Rxf4 Nxf4 31. Qd8+ Kh7 32. Qxc8 Qxg2# 0-1

[Event "Titled Tuesday intern op 9th June"]
[Site "Chess.com INT"]
[Date "2020.06.09"]
[Round "7"]
[White "Spirin, Alexey"]
[Black "Rinas, Oleg G"]
[Result "1-0"]
[WhiteElo "2191"]
[BlackElo "2408"]
[PlyCount "75"]
[EventDate "2020.06.09"]
[EventType "swiss (blitz)"]
[EventRounds "10"]
[EventCountry "USA"]
[SourceTitle "CBM 196 Extra"]
[Source "ChessBase"]
[SourceDate "2020.07.31"]
[SourceVersion "1"]
[SourceVersionDate "2020.07.31"]
[SourceQuality "1"]

1. e4 c5 2. Nf3 Nc6 3. Bb5 g6 4. Bxc6 dxc6 5. d3 Bg7 6. h3 e5 7. Nc3 Ne7 8. Be3 b6 9. Qd2 0-0 10. Bh6 Be6 11. 0-0 Qd6 12. a3 f6 13. Bxg7 Kxg7 14. Rad1 Rad8 15. Nh2 c4 16. f4 cxd3 17. cxd3 Bc4 18. fxe5 Qxe5 19. d4 Qh5 20. Rf2 f5 21. Nf3 fxe4 22. Nxe4 Bd5 23. Qc2 Qf5 24. Re1 Qd7 25. Neg5 Nf5 26. Qc3 Rde8 27. Ne5 Qd6 28. Ne4 Qe6 29. Ng5 Qd6 30. Ngf3 Ne7 31. Qe3 Rf5 32. g4 Rff8 33. Qg5 h6 34. Qe3 Rf6 35. Qd3 Ref8 36. Ref1 Bxf3 37. Rxf3 Rxf3 38. Rxf3 1-0

[Event "Titled Tuesday intern op 6th June"]
[Site "Chess.com INT"]
[Date "2020.06.02"]
[Round "9"]
[White "Spirin, Alexey"]
[Black "Schut, Han"]
[Result "0-1"]
[WhiteElo "2191"]
[BlackElo "2101"]
[PlyCount "104"]
[EventDate "2020.06.02"]
[EventType "swiss (blitz)"]
[EventRounds "10"]
[EventCountry "USA"]
[SourceTitle "CBM 196 Extra"]
[Source "ChessBase"]
[SourceDate "2020.07.31"]
[SourceVersion "1"]
[SourceVersionDate "2020.07.31"]
[SourceQuality "1"]

1. e4 c5 2. Nf3 d6 3. Bb5+ Bd7 4. Bxd7+ Qxd7 5. 0-0 Nf6 6. e5 dxe5 7. Nxe5 Qc7 8. d4 Nfd7 9. Bf4 Nxe5 10. Bxe5 Qc6 11. d5 Qb6 12. c4 Nd7 13. Qa4 Qb4 14. Qxb4 cxb4 15. Bd4 b6 16. Re1 Rc8 17. b3 Nc5 18. Nd2 Kd7 19. Nf3 f6 20. Re3 e5 21. dxe6+ Nxe6 22. Rd1 Nxd4 23. Nxd4 Kc7 24. Ne6+ Kc6 25. Nxf8 Rhxf8 26. Re6+ Kb7 27. Re7+ Rc7 28. Rdd7 Rxd7 29. Rxd7+ Kc6 30. Rxg7 a5 31. Rxh7 Rd8 32. h4 Rd1+ 33. Kh2 Rd2 34. Kg3 Rxa2 35. Rf7 a4 36. bxa4 b3 37. Rxf6+ Kb7 38. Rf3 b2 39. Rb3 Ra3 40. Rxa3 b1Q 41. Rf3 Qb4 42. Rf4 Qxa4 43. h5 Qd7 44. f3 Kc6 45. Rh4 Qg7+ 46. Kh2 Qg5 47. g3 Qd2+ 48. Kh3 Qd7+ 49. g4 Kc5 50. h6 Qh7 51. Kg3 Kxc4 52. g5+ Kd3 0-1

[Event "RUS-ch 1/2 fin"]
[Site "Krasnodar"]
[Date "2002.??.??"]
[Round "?"]
[White "Spirin, Alexey"]
[Black "Demchenko, Anton"]
[Result "1/2-1/2"]
[WhiteElo "2260"]
[BlackElo "2328"]
[PlyCount "48"]
[EventDate "2002.??.??"]
[EventType "swiss"]
[EventRounds "9"]
[EventCountry "RUS"]
[SourceTitle "EXT 2003"]
[Source "ChessBase"]
[SourceDate "2002.11.25"]
[SourceVersion "1"]
[SourceVersionDate "2002.11.25"]
[SourceQuality "1"]

1. d4 d6 2. e4 g6 3. Nc3 Bg7 4. Nf3 Nf6 5. h3 0-0 6. Bg5 Nbd7 7. e5 Ne8 8. Nd5 f6 9. exf6 exf6 10. Be3 Nb6 11. Nf4 d5 12. g4 Nd6 13. b3 Ne4 14. Qd3 f5 15. g5 Nxg5 16. Nxg5 Qxg5 17. Bg2 c6 18. 0-0-0 Qe7 19. h4 a5 20. Rdg1 a4 21. Kb1 axb3 22. cxb3 Qa3 23. Qc2 Qb4 24. Nd3 Qb5 1/2-1/2

[Event "Novosibirsk op"]
[Site "Novosibirsk"]
[Date "2001.07.24"]
[Round "6"]
[White "Spirin, Alexey"]
[Black "Gerber, Vyacheslav"]
[Result "0-1"]
[WhiteElo "2312"]
[BlackElo "2134"]
[PlyCount "76"]
[EventDate "2001.07.18"]
[EventType "swiss"]
[EventRounds "11"]
[EventCountry "RUS"]
[SourceTitle "CBM 083 Extra"]
[Source "ChessBase"]
[SourceDate "2001.09.11"]
[SourceVersion "1"]
[SourceVersionDate "2001.09.11"]
[SourceQuality "1"]

1. e4 e5 2. Nf3 Nf6 3. Nc3 Bb4 4. Nd5 Nxd5 5. exd5 d6 6. c3 Ba5 7. Qa4+ c6 8. b4 Bb6 9. dxc6 Nxc6 10. Be2 0-0 11. d3 f5 12. b5 Ne7 13. 0-0 Ng6 14. Be3 Bxe3 15. fxe3 f4 16. e4 Bg4 17. d4 Nh4 18. dxe5 Bxf3 19. Bxf3 Nxf3+ 20. Rxf3 dxe5 21. Rd1 Qb6+ 22. Kh1 Rad8 23. Rfd3 h6 24. Rxd8 Rxd8 25. Qc4+ Kh7 26. Rxd8 Qxd8 27. Qd5 Qh4 28. h3 Qe1+ 29. Kh2 Qg3+ 30. Kh1 Qe1+ 31. Kh2 Qg3+ 32. Kh1 f3 33. gxf3 Qxh3+ 34. Kg1 Qg3+ 35. Kh1 Qxf3+ 36. Kh2 Qxc3 37. Qxb7 Qd2+ 38. Kg3 Qxa2 0-1

[Event "Novosibirsk op"]
[Site "Novosibirsk"]
[Date "2001.07.22"]
[Round "4"]
[White "Nebylitsin, Nikolai"]
[Black "Spirin, Alexey"]
[Result "1/2-1/2"]
[WhiteElo "2228"]
[BlackElo "2312"]
[PlyCount "54"]
[EventDate "2001.07.18"]
[EventType "swiss"]
[EventRounds "11"]
[EventCountry "RUS"]
[SourceTitle "CBM 083 Extra"]
[Source "ChessBase"]
[SourceDate "2001.09.11"]
[SourceVersion "1"]
[SourceVersionDate "2001.09.11"]
[SourceQuality "1"]

1. b4 e5 2. a3 d6 3. c4 Bf5 4. Nc3 Nf6 5. Bb2 Nc6 6. b5 Nd4 7. d3 Qd7 8. e3 Ne6 9. Nge2 Be7 10. Ng3 Bg6 11. Be2 0-0 12. 0-0 Ne8 13. Nd5 c6 14. Nxe7+ Qxe7 15. a4 N8c7 16. Ba3 c5 17. Bf3 Rab8 18. Bb2 a5 19. Qd2 b6 20. Ne2 f5 21. Nc3 Ng5 22. Bc6 Be8 23. Bd5+ Bf7 24. Bc6 Be8 25. Nd5 Nxd5 26. Bxd5+ Bf7 27. Bc6 Be8 1/2-1/2

[Event "RUS-ch sf"]
[Site "Krasnodar"]
[Date "2001.??.??"]
[Round "?"]
[White "Zelensky, Sergey"]
[Black "Spirin, Alexey"]
[Result "0-1"]
[WhiteElo "2165"]
[BlackElo "2316"]
[PlyCount "84"]
[EventDate "2001.??.??"]
[EventType "swiss"]
[EventRounds "9"]
[EventCountry "RUS"]
[SourceTitle "EXT 2002"]
[Source "ChessBase"]
[SourceDate "2001.11.25"]
[SourceVersion "1"]
[SourceVersionDate "2001.11.25"]
[SourceQuality "1"]

1. e4 d5 2. exd5 Nf6 3. d4 Nxd5 4. c4 Nb6 5. Nf3 g6 6. Be2 Bg7 7. 0-0 0-0 8. Be3 Nc6 9. Nc3 Bg4 10. d5 Bxf3 11. gxf3 Ne5 12. c5 Nbc4 13. f4 Nxe3 14. fxe3 Nd7 15. Ne4 b6 16. c6 Nf6 17. Nxf6+ Bxf6 18. Qb3 Qd6 19. Bf3 a5 20. a4 Qb4 21. Qxb4 axb4 22. Ra2 b3 23. Ra3 Ra5 24. Rxb3 Rxa4 25. Rd1 Rfa8 26. Kf2 h6 27. e4 Bd4+ 28. Ke2 Kg7 29. h4 Bc5 30. h5 f5 31. hxg6 fxe4 32. Bh5 Rf8 33. Rf1 Rd4 34. Rb5 Rf5 35. b4 Bxb4 36. d6 Rxb5 37. dxc7 Rxh5 38. c8Q Rh2+ 39. Ke3 Rc4 40. Rf2 Bc5+ 41. Ke2 Rxf2+ 42. Kd1 Be3 0-1